1892 1384 1600 1604 1539 1957 1797 1189 1280 1534 1504 1983 1577 1197 1597 1794 1811 1463 1529 1859 1829 1499 1454 1464 1615 1771 1430 1907 1978 1382 1292 1061 1354 1513 1593 1952 1186 1047 1138 1375 1510 1874 1900 1947 1884 1451 1504 1278 1038 1741 1163 1052 1142 1991 1611 1034 1512 1060 1688 1288 1335 1748 1251 1697 1818 1921 1130 1331 1072 1554 1688 1804 1496 1610 1870 1756 1637 1043 1529 1177 1179 1327 1070 1583 1981 1825 1725 1867 1492 1404 1375 1567 1663 1900 1352 1537 1173 1842 1523 BCNSPRNW ULIB Ver.6.0+V

เปลี่ยนเป็นภาษาไทย

Change to English
 แสดงรายละเอียดบรรณานุกรม
  กลับหน้าหลัก

Brief Record : Get Marc (ISO 2709) : E-mail record : QR code < ปิดหน้าต่าง
LEADER : 00000nam 2200000uu 4500
001    13399128207
003     ULIB
008    220815s2019||||th 000 0 tha d
020    ^a9781260031089
060    ^aWB17^bB895E
100    ^aBrunette,Douglas D.
245    ^aExtraordinary Cases in Emergency Medicine
250    ^a1st ed
260    ^aNew York :^bMcGraw-Hill,^c2019
300    ^a612 pages;^b21 cm
650    ^aEmergency medicine
650    ^aCritical Care^xmethods.
650    ^aEmergencies
945    ^p0^l0^i009311
999    ^aประนอม เกษจรัล
รายการนี้ยังไม่มีแท็ก
คุณยังไม่ได้ล็อกอิน คุณสามารถมีกิจกรรมร่วมกับเว็บไซต์ได้ แต่ต้องล็อกอินก่อน ::
  ล็อกอิน

รายการสื่อสารสนเทศ

ลำดับที่ ประเภท เลขเรียก/บาร์โค้ด สถานที่ สถานะ
1. วิทยาศาสตร์การแพทย์ และสุขภาพ
หนังสือสำรอง
สถานะ=หนังสือสำรอง
WB17 B895E ฉ.1 
  Barcode: 009311
ห้องสมุดวิทยาเขตสวรรค์ประชารักษ์
►หนังสือทั่วไป
บนชั้น

รายการใกล้เคียง
    ชื่อเรื่อง [Extraordinary Cases in Emergency Medicine]

    ผู้แต่ง [Brunette,Douglas D.]

    หัวเรื่อง [Emergency medicine]
    หัวเรื่อง [Emergencies]

BibComment


ยังไม่เคยถูกคอมเมนท์

คอมเมนท์ทรัพยากรรายการนี้
  คอมเมนท์: Extraordinary Ca..


 Copyright 2026. Bcnsprnw @Library